| 000 | 01479nam a2200277Ia 4500 | ||
|---|---|---|---|
| 003 | PE SENCICO BE | ||
| 005 | 20251020182434.0 | ||
| 008 | 200515s9999 xx 000 0 und d | ||
| 020 | _a970-10-3526-7 | ||
| 040 |
_aPE SENCICO BE _cPE SENCICO BE |
||
| 041 | _aspa | ||
| 082 |
_a371.102 _bB23 2002 |
||
| 100 | 1 |
_aDíaz Barriga Arceo, Frida _92701 _eautor |
|
| 245 | 1 | 0 |
_aEstrategias docentes para un aprendizaje significativo : _buna interpretación constructivista / _cFrida Díaz Barriga Arceo, Gerardo Hernández Rojas |
| 250 | _a2a ed. | ||
| 260 |
_aMéxico, D. F. : _bMcGraw-Hill ; _c2002 |
||
| 300 |
_a465 p. : _bil., tbl., graf. ; _c23 cm. |
||
| 490 | _aDocente del Siglo XXI | ||
| 505 | 0 | _aLa función mediadora del docente y la intervención educativa -- Constructivismo y aprendizaje significativo -- La motivación escolar y sus efectos en el aprendizaje -- Aprendizaje cooperativo y proceso de enseñanza -- Estrategias de enseñanza para la promoción de aprendizajes significativos -- Estrategias para el aprendizaje significativo: fundamentos, adquisición y modelos de intervención -- Estrategias para el aprendizaje significativo: Comprensión y comprensión de textos -- Constructivismo y evaluación psicoeducativa | |
| 650 | 1 | 0 |
_aEducación _92279 |
| 650 | 2 | 0 |
_aEstrategias de aprendizaje _92409 |
| 650 | 2 | 0 |
_aEnseñanza _92363 |
| 650 | 2 | 0 |
_aCalidad de la educación _92692 |
| 700 | 1 |
_92702 _aHernández Rojas, Gerardo _eautor |
|
| 942 |
_cLIB _2ddc |
||
| 999 |
_c332 _d332 |
||